<?xml version="1.0" encoding="UTF-8"?><?xml-stylesheet type="text/xsl" href="static/style.xsl"?><OAI-PMH xmlns="http://www.openarchives.org/OAI/2.0/" xmlns:xsi="http://www.w3.org/2001/XMLSchema-instance" xsi:schemaLocation="http://www.openarchives.org/OAI/2.0/ http://www.openarchives.org/OAI/2.0/OAI-PMH.xsd"><responseDate>2026-04-13T03:14:08Z</responseDate><request verb="GetRecord" identifier="oai:www.recercat.cat:2117/389994" metadataPrefix="marc">https://recercat.cat/oai/request</request><GetRecord><record><header><identifier>oai:recercat.cat:2117/389994</identifier><datestamp>2025-07-17T16:47:47Z</datestamp><setSpec>com_2072_1033</setSpec><setSpec>col_2072_452951</setSpec></header><metadata><record xmlns="http://www.loc.gov/MARC21/slim" xmlns:dcterms="http://purl.org/dc/terms/" xmlns:xsi="http://www.w3.org/2001/XMLSchema-instance" xmlns:doc="http://www.lyncode.com/xoai" xsi:schemaLocation="http://www.loc.gov/MARC21/slim http://www.loc.gov/standards/marcxml/schema/MARC21slim.xsd">
   <leader>00925njm 22002777a 4500</leader>
   <datafield ind2=" " ind1=" " tag="042">
      <subfield code="a">dc</subfield>
   </datafield>
   <datafield ind2=" " ind1=" " tag="720">
      <subfield code="a">Ferré Santamaria, Claudia</subfield>
      <subfield code="e">author</subfield>
   </datafield>
   <datafield ind2=" " ind1=" " tag="720">
      <subfield code="a">Wolmarans, Petrus Stefanus</subfield>
      <subfield code="e">author</subfield>
   </datafield>
   <datafield ind2=" " ind1=" " tag="260">
      <subfield code="c">2023-06</subfield>
   </datafield>
   <datafield ind2=" " ind1=" " tag="520">
      <subfield code="a">Máster en planificación urbana y sostenibilidad. Taller Final de Máster: Expo Málaga, una oportunidad para conseguir una ciudad más sostenible y resiliente</subfield>
   </datafield>
   <datafield ind2=" " ind1=" " tag="520">
      <subfield code="a">En los últimos años, ciudades de todo el mundo se han enfrentado al impacto del cambio climático, con temperaturas en aumento, fenómenos meteorológicos extremos y cambios en los patrones de precipitación. El cuarto Informe de Evaluación del Panel Intergubernamental sobre el Cambio Climático (IPCC) confirmó el calentamiento del sistema climático. El informe también destacó los diversos impactos que los sistemas sociales, económicos y ecológicos enfrentan actualmente y tendrán que anticipar en las próximas décadas y siglos, incluido el cambio en la frecuencia y magnitud de los fenómenos meteorológicos extremos, así como el aumento del nivel del mar (IPCC 2007a).&#xd;
Estos efectos han tenido un impacto significativo en el diseño urbano, requiriendo que arquitectos, planificadores urbanos y legisladores reconsideren la forma en que planifican, diseñan y construyen ciudades. Málaga, la bulliciosa ciudad portuaria de la costa sur de España, no es una excepción. El diseño urbano de la ciudad ha sido moldeado por su ubicación y clima únicos, con una mezcla de arquitectura moderna y edificios históricos que reflejan el rico patrimonio cultural de la ciudad. En esta tesis analizamos las escalas macro y micro de los sistemas y exploramos cómo el cambio climático ha afectado a Málaga y por qué es necesario adaptar las ciudades para que sean más cómodas para vivir debido al calentamiento global y los cambios climáticos. También examinaremos algunas estrategias que Málaga podría utilizar para mitigar el impacto del cambio climático en el diseño urbano y mejorar la calidad de vida de sus residentes.</subfield>
   </datafield>
   <datafield tag="653" ind2=" " ind1=" ">
      <subfield code="a">Àrees temàtiques de la UPC::Urbanisme::Impacte ambiental</subfield>
   </datafield>
   <datafield tag="653" ind2=" " ind1=" ">
      <subfield code="a">City planning -- Spain -- Málaga</subfield>
   </datafield>
   <datafield tag="653" ind2=" " ind1=" ">
      <subfield code="a">Sustainable urban development -- Spain -- Málaga</subfield>
   </datafield>
   <datafield tag="653" ind2=" " ind1=" ">
      <subfield code="a">Climatic changes -- Spain -- Málaga</subfield>
   </datafield>
   <datafield tag="653" ind2=" " ind1=" ">
      <subfield code="a">Área metropolitana</subfield>
   </datafield>
   <datafield tag="653" ind2=" " ind1=" ">
      <subfield code="a">Cambio climático</subfield>
   </datafield>
   <datafield tag="653" ind2=" " ind1=" ">
      <subfield code="a">Islas de calor</subfield>
   </datafield>
   <datafield tag="653" ind2=" " ind1=" ">
      <subfield code="a">Zonas climáticas</subfield>
   </datafield>
   <datafield tag="653" ind2=" " ind1=" ">
      <subfield code="a">Vulnerabilidad</subfield>
   </datafield>
   <datafield tag="653" ind2=" " ind1=" ">
      <subfield code="a">Regeneración sostenible</subfield>
   </datafield>
   <datafield tag="653" ind2=" " ind1=" ">
      <subfield code="a">Àrea metropolitana</subfield>
   </datafield>
   <datafield tag="653" ind2=" " ind1=" ">
      <subfield code="a">Canvi climàtic</subfield>
   </datafield>
   <datafield tag="653" ind2=" " ind1=" ">
      <subfield code="a">Illes de calor</subfield>
   </datafield>
   <datafield tag="653" ind2=" " ind1=" ">
      <subfield code="a">Zones climàtiques</subfield>
   </datafield>
   <datafield tag="653" ind2=" " ind1=" ">
      <subfield code="a">Vulnerabilitat</subfield>
   </datafield>
   <datafield tag="653" ind2=" " ind1=" ">
      <subfield code="a">Regeneració sostenible</subfield>
   </datafield>
   <datafield tag="653" ind2=" " ind1=" ">
      <subfield code="a">Metropolitan area</subfield>
   </datafield>
   <datafield tag="653" ind2=" " ind1=" ">
      <subfield code="a">Climate change</subfield>
   </datafield>
   <datafield tag="653" ind2=" " ind1=" ">
      <subfield code="a">Heat island effect</subfield>
   </datafield>
   <datafield tag="653" ind2=" " ind1=" ">
      <subfield code="a">Climatic zones</subfield>
   </datafield>
   <datafield tag="653" ind2=" " ind1=" ">
      <subfield code="a">Vulnerability</subfield>
   </datafield>
   <datafield tag="653" ind2=" " ind1=" ">
      <subfield code="a">Sustainable regeneration</subfield>
   </datafield>
   <datafield tag="653" ind2=" " ind1=" ">
      <subfield code="a">Urbanisme -- Andalusia -- Màlaga</subfield>
   </datafield>
   <datafield tag="653" ind2=" " ind1=" ">
      <subfield code="a">Desenvolupament urbà sostenible -- Andalusia -- Màlaga</subfield>
   </datafield>
   <datafield tag="653" ind2=" " ind1=" ">
      <subfield code="a">Canvis climàtics -- Andalusia -- Màlaga</subfield>
   </datafield>
   <datafield ind2="0" ind1="0" tag="245">
      <subfield code="a">Retornar la naturaleza a la ciudad: mitigar los efectos del cambio climático en Málaga</subfield>
   </datafield>
</record></metadata></record></GetRecord></OAI-PMH>